| 000 | 00571nam a22002177a 4500 | ||
|---|---|---|---|
| 003 | OSt | ||
| 005 | 20160226141950.0 | ||
| 008 | 160226b xxu||||| |||| 00| 0 eng d | ||
| 020 | _a9780071283113 | ||
| 040 | _cDDC. | ||
| 050 | _a8th ed | ||
| 082 | _a558 LOC2008. | ||
| 100 |
_aKienzler,Locker. _96838 |
||
| 245 | _aBusiness and Administrative Communication. | ||
| 250 | _a8th ed. | ||
| 260 |
_aBoston. _bMcGraw-Hill. _c2008. |
||
| 300 |
_axxxi,701p; _bcol,ill; _c28cm. |
||
| 504 | _aincludes index and notes. | ||
| 650 |
_aCommunication. _91820 |
||
| 942 |
_2ddc _cSLOAN |
||
| 999 |
_c3081 _d3081 |
||